[Event "BUL-ch"]
[Site "Sofia"]
[Date "1985.??.??"]
[Round "7"]
[White "Grigorov, Jordan N"]
[Black "Semkov, Semko"]
[Result "1-0"]
[WhiteElo "2390"]
[BlackElo "2415"]

1.e4 c5 2.Nf3 e6 3.d4 cxd4 4.Nxd4 Nc6 5.Nc3 a6 6.g3 d6 7.Bg2 Bd7 8.O-O Nf6
9.Nde2 Be7 10.h3 O-O 11.g4 Bc8 12.f4 h6 13.Kh1 Nd7 14.Be3 b5 15.a3 Rb8 16.Bf2 Bb7
17.Bg3 Re8 18.Qd2 Ba8 19.Rad1 a5 20.e5 d5 21.Nc1 Nc5 22.Qe2 b4 23.axb4 Rxb4
24.f5 Bh4 25.Bf2 d4 26.fxe6 fxe6 27.Nb5 Bxf2 28.Rxf2 Nxe5 29.Qxe5 Bxg2+ 30.Rxg2 Rxb5
31.Rxd4 Qb6 32.Rd6 Qb7 33.c4 Rb4 34.Qxc5 Rc8 35.Qe3 Rbxc4 36.Qxe6+ Kh8 37.Nd3 Qf3
38.Qe2 Qxh3+ 39.Kg1 Rf8 40.Nf2 Rc1+ 41.Rd1 Rxd1+ 42.Qxd1 Qe3 43.g5 Rc8 44.Qg4 Rc1+
45.Kh2 Qxg5 46.Qxg5 hxg5 47.Nd3 Rd1 48.Nc5 Rd5 49.Ne4 Rb5 50.Nxg5 Kg8 51.Ne4 Rb6
52.Nc3 Rb4 53.Kg1 a4 54.Nb1 Kf7 55.Kf1 g5 56.Ke1 g4 57.Kd1 Kg6 58.Kc2 Kg5
59.Nc3 Kh4 60.Rh2+ Kg5 61.Rh8 g3 62.Rg8+  1-0

[Event "Szirak"]
[Site "Szirak"]
[Date "1985.??.??"]
[Round "4"]
[White "Klinger, Josef"]
[Black "Horvath, Jozsef"]
[Result "0-1"]
[WhiteElo "2460"]
[BlackElo "2520"]

1.e4 c5 2.Nf3 e6 3.d4 cxd4 4.Nxd4 Nc6 5.Nc3 Qc7 6.Be3 a6 7.Bd3 Nf6 8.O-O Ne5
9.h3 Bc5 10.Qe2 d6 11.f4 Ng6 12.Kh1 O-O 13.Nf3 Nh5 14.Kh2 Nhxf4 15.Qf2 d5
16.Kg1 Bxe3 17.Qxe3 dxe4 18.Bxe4 Bd7 19.Rad1 f5 20.Bd3 Rae8 21.Ne2 Nxd3 22.Qxd3 Bb5
23.Qe3 Qxc2 24.Rd2 Qe4 25.Qxe4 fxe4 26.Nfd4 Rxf1+ 27.Kxf1 Bd3 28.Kg1 e5 29.Nb3 Nf4
30.Nec1 Bc4 31.Kf2 Nd5 32.Rc2 b5 33.Nc5 Rf8+ 34.Kg1 e3 35.b3 Rf1+ 36.Kh2 Rf2  0-1

[Event "Tilburg"]
[Site "Tilburg"]
[Date "1985.??.??"]
[Round "?"]
[White "Timman, Jan H"]
[Black "Polugaevsky, Lev"]
[Result "1/2-1/2"]
[WhiteElo "2640"]
[BlackElo "2600"]

1.e4 c5 2.Nf3 e6 3.d4 cxd4 4.Nxd4 Nc6 5.Nc3 a6 6.Nxc6 bxc6 7.e5 Qc7 8.f4 d5
9.exd6 Bxd6 10.Qg4 g6 11.Bd2 Nf6 12.Qg5 Be7 13.Qe5 Qxe5+ 14.fxe5 Ng4 15.Ne4 Nxe5
16.Bc3 f6 17.Bxe5 fxe5 18.O-O-O Ra7 19.Bc4 Rd7 20.Rde1 Rd4 21.Bb3 a5 22.c3 Rd8
23.Bc4 Rf8 24.Re2 Kd7 25.Nf2 Kc7 26.Nd3 Bg5+ 27.Kc2 e4 28.Rxe4 e5 29.Rxe5 Bf5
30.Rhe1 Kb6 31.g4 Bxd3+ 32.Bxd3 Rf2+ 33.R1e2 Rxe2+ 34.Rxe2 Rf8 35.a4 Rf4
36.Re6 Rxa4 37.Be4 Rc4 38.Kd3 Rc5 39.Re8 Bc1 40.h3 a4 41.Kc2 Bf4 42.Re6 a3
43.bxa3 Be5 44.Bxc6 Kc7 45.Be8 Rxc3+ 46.Kd2 Rc5 47.a4 Bf4+ 48.Kd3 Re5 49.Rc6+ Kb7
50.Rc4 Re3+ 51.Kc2 Bg5 52.Bc6+ Ka7 53.Be4 Rxh3 54.Rc7+ Kb6 55.Rc6+ Ka7 56.a5 Bd8
57.Bd3 Rh2+ 58.Kd1 Rh1+ 59.Ke2 Rh2+ 60.Kf3 Ra2 61.a6 Bb6 62.Ke4 Ra5 63.Re6 Rc5
64.Re7+ Rc7 65.Re8 Bc5 66.Rd8 Bb6 67.Rd6 Bc5 68.Rd5 Re7+ 69.Kf3 Bb6 70.Kf4  1/2-1/2

[Event "Tirnavia"]
[Site "Trnava"]
[Date "1985.??.??"]
[Round "3"]
[White "Nun, Josef"]
[Black "Banas, Jan"]
[Result "1-0"]
[WhiteElo "2395"]
[BlackElo "2390"]

1.e4 c5 2.Nf3 Nc6 3.d4 cxd4 4.Nxd4 e6 5.Nc3 Qc7 6.Be2 a6 7.O-O Nf6 8.Be3 Be7
9.f4 d6 10.Qe1 O-O 11.Qg3 Nxd4 12.Bxd4 b5 13.Bd3 Bb7 14.e5 dxe5 15.fxe5 Bc5
16.Bxc5 Qxc5+ 17.Kh1 Nd7 18.Rae1 b4 19.Ne4 Bxe4 20.Rxe4 g6 21.h4 Qe7 22.h5 Nc5
23.Ref4 Nxd3 24.cxd3 Rad8 25.Rf6 Rd4 26.R1f3 b3 27.a3 Qd7 28.Qg5 Rxd3 29.hxg6 Rd1+
30.Kh2 hxg6 31.Qh6  1-0

[Event "SWE-ch"]
[Site "Uppsala"]
[Date "1985.??.??"]
[Round "?"]
[White "Bengtsson, Bo"]
[Black "Akesson, Ralf"]
[Result "0-1"]
[WhiteElo "2320"]
[BlackElo "2425"]

1.e4 c5 2.Nf3 e6 3.d4 cxd4 4.Nxd4 Nc6 5.Nc3 a6 6.g3 Qc7 7.Bg2 Nf6 8.O-O Bc5
9.Nb3 Be7 10.f4 d6 11.Be3 Rb8 12.a4 b6 13.Qe2 Na5 14.Rad1 Nc4 15.Bc1 e5 16.h3 b5
17.axb5 axb5 18.Rde1 O-O 19.g4 b4 20.Nd5 Nxd5 21.exd5 Bh4 22.Rd1 exf4 23.Rxf4 Ba6
24.Rdd4 Qa7 25.Kh2 Na5 26.Qd1 Nxb3 27.cxb3 Qc5 28.Rf5 Rbe8 29.Re4 Rxe4 30.Bxe4 Re8
31.Qc2 Qxc2+ 32.Bxc2 Re2+  0-1

[Event "Vrsac"]
[Site "Vrsac"]
[Date "1985.??.??"]
[Round "?"]
[White "Velimirovic, Dragoljub"]
[Black "Matulovic, Milan"]
[Result "1-0"]
[WhiteElo "2500"]
[BlackElo "2435"]

1.e4 c5 2.Nf3 e6 3.d4 cxd4 4.Nxd4 Nc6 5.Nc3 Qc7 6.Be2 a6 7.O-O Nf6 8.Kh1 Bb4
9.Qd3 b5 10.Nxc6 Qxc6 11.a4 Bb7 12.axb5 axb5 13.Rxa8+ Bxa8 14.f3 Bxc3 15.bxc3 O-O
16.Ba3 Rc8 17.Bb4 d5 18.e5 Nd7 19.Qd4  1-0

[Event "Zagreb"]
[Site "Zagreb"]
[Date "1985.??.??"]
[Round "?"]
[White "Ivanovic, Bozidar"]
[Black "Hulak, Krunoslav"]
[Result "0-1"]
[WhiteElo "2515"]
[BlackElo "2450"]

1.e4 c5 2.Nf3 Nc6 3.d4 cxd4 4.Nxd4 e6 5.Nc3 a6 6.Be2 d6 7.O-O Nf6 8.b3 Be7
9.Bb2 O-O 10.Qd3 Bd7 11.Rad1 b5 12.Qe3 Qc7 13.a3 Rac8 14.Qf3 Qb7 15.Nxc6 Bxc6
16.Bd3 a5 17.b4 axb4 18.axb4 g6 19.Rfe1 e5 20.Qe3 Rfe8 21.Bf1 Bf8 22.Qf3 Kg7
23.Bc1 Be7 24.Qe2 h6 25.Rd3 Rcd8 26.Re3 h5 27.Nxb5 d5 28.exd5 Nxd5 29.Rg3 Bxb4
30.c3 Bc5 31.Qxh5 Nf4 32.Bxf4 exf4 33.Rxe8 Bxf2+ 34.Kh1 Rxe8 35.Nd6 fxg3
36.Nxe8+ Bxe8 37.Qe5+ Kf8 38.hxg3 Qb6 39.g4 Qb5 40.Qf6 Be1 41.Bd3 Bxc3 42.Qf3 Bc6
43.Qf4 Kg7 44.g5 Qe5  0-1

[Event "OHRA-B"]
[Site "Amsterdam"]
[Date "1986.??.??"]
[Round "5"]
[White "Kuijf, Marinus"]
[Black "Meulders, Richard"]
[Result "1/2-1/2"]
[WhiteElo "2430"]
[BlackElo "2370"]

1.e4 c5 2.Ne2 Nc6 3.d4 cxd4 4.Nxd4 e6 5.Nc3 Qc7 6.g3 a6 7.Bg2 Nf6 8.O-O Be7
9.Re1 Nxd4 10.e5 Nb5 11.exf6 gxf6 12.Nxb5 axb5 13.Qg4 Bf8 14.c3 h5 15.Qe2 h4
16.Be3 hxg3 17.hxg3 Bc5 18.Qxb5 Bxe3 19.Rxe3 Ra5 20.Qb4 b6 21.Qe4 Rah5 22.Rd1 Kd8
23.c4 f5 24.Qe5 Qxe5 25.Rxe5 f4 26.gxf4 Rh4 27.Rd4 Rg8 28.Kf1 Rgg4 29.b3 Rxf4
30.Rxf4 Rxf4 31.Ke2 d6 32.Rg5 Kc7 33.Ke3 e5 34.Rg3 Be6 35.Rg8 Rg4 36.Rxg4 Bxg4
37.Bd5 f6 38.Kd3 Bd7 39.b4 b5 40.Kc3 Bc6 41.Be6 Kb6 42.cxb5 Bxb5 43.Bb3 Kc6
44.a4 Bf1 45.Bf7 d5 46.Be8+ Kb6 47.a5+ Ka6 48.Kb3 Bb5 49.Bf7 d4 50.Bg6 Ka7
51.Bf5 Kb7 52.Kc2 Bc4 53.Be4+ Ka7 54.Kd2 Kb8 55.Kc1 Bb5 56.Kc2 Bc4 57.Kd2 Kc7
58.Kc2 Kb8 59.Kb2 Ka7 60.Bc6 Ka6 61.Kc2 Be2 62.Be4 Ka7 63.Bd3 Bf3 64.Bc4 e4
65.b5 f5 66.Bd5 f4 67.Kb3 d3 68.Kc3 Bg2 69.Bc6 Bf3 70.Kd2 Bg2 71.Be8 Bf3
72.Bf7 Kb7 73.Be6 Ka7 74.Bc8 Kb8 75.Bf5 Ka7 76.Kc3 Kb7 77.Bh7 Ka7 78.Bg6 Kb7
79.Bf5 Kc7 80.b6+ Kb7 81.Be6 Bg2 82.Bg4 e3 83.fxe3 fxe3 84.Kxd3 Ka6 85.Kxe3 Kxa5
86.Bf3 Kxb6 87.Bxg2  1/2-1/2

[Event "OHRA-B"]
[Site "Amsterdam"]
[Date "1986.??.??"]
[Round "7"]
[White "Peelen, Piet"]
[Black "Langeweg, Kick"]
[Result "1/2-1/2"]
[WhiteElo "2395"]
[BlackElo "2400"]

1.e4 c5 2.Nf3 e6 3.d4 cxd4 4.Nxd4 Nc6 5.Nc3 a6 6.Be2 Qc7 7.O-O Nf6 8.Be3 Be7
9.f4 d6 10.Bf3 O-O 11.Nxc6 bxc6 12.Na4 Bb7 13.c4 c5 14.Qc2 Nd7 15.Rad1 Nb8
16.Qf2 Bc6 17.Nc3 Nd7 18.Rd3 Rfd8 19.b3 Rac8 20.Qe2 Bf6 21.Rfd1 Nb8 22.Qd2 Be8
23.Ne2 Be7 24.f5 Nc6 25.fxe6 fxe6 26.Bg4 Bf7 27.Bf4 Ne5 28.Bxe5 dxe5 29.Rd7 Qc6
30.Nc3 h6 31.Qd3 Bg5 32.Kh1 Rxd7 33.Qxd7 Be3 34.Qxc6 Rxc6 35.Rd8+ Kh7 36.Rd7 Kg8
37.Rd8+ Kh7 38.Rd7 Kg8 39.Rd8+  1/2-1/2

[Event "OHRA-B"]
[Site "Amsterdam"]
[Date "1986.??.??"]
[Round "9"]
[White "Martinovic, Slobodan"]
[Black "Marjanovic, Slavoljub"]
[Result "1/2-1/2"]
[WhiteElo "2425"]
[BlackElo "2515"]

1.e4 c5 2.Nf3 e6 3.d4 cxd4 4.Nxd4 Nc6 5.Nc3 Qc7 6.g3 a6 7.Bg2 d6 8.Nxc6 bxc6
9.O-O Bb7 10.Na4 c5 11.c4 Be7 12.Be3 Rb8 13.Nc3 Bf6 14.Qd2 h6 15.Rad1 Rd8
16.Ne2 Bc6 17.b3 Qb7 18.f3 Be7 19.Qc3 Nf6 20.e5 dxe5 21.Rxd8+ Bxd8 22.Bxc5 Nd7
23.Bd6 h5 24.h3 h4 25.g4 f6 26.Rf2 Qa7 27.b4 g5 28.c5 Qb7 29.Qc4 Kf7 30.Nc3 Be7
31.Bxe7 Kxe7 32.a3 Rd8 33.Ne4 Bxe4 34.Qxe4 Qxe4 35.fxe4 Nb8 36.Bf1 Rd1 37.Kg2 Ra1
38.Rf3 Ra2+ 39.Kg1 Nc6 40.Bxa6 Nd4 41.Rc3 Kd7 42.Kf1 Ra1+ 43.Kf2 Ra2+ 44.Ke1 Nc2+
45.Kd1 Nxb4 46.axb4 Rxa6 47.b5 Ra4 48.c6+ Kc8 49.b6 Rb4 50.b7+ Kc7 51.Kd2 Rb2+
52.Kd3 Rb4 53.Rc4 Rb3+ 54.Kc2 Rb5 55.Kc3 Rb6 56.Rc5 Rb1 57.Kc4 Rb6 58.Kd3 Rb3+
59.Kc2 Rb4 60.Kd2 Rb2+ 61.Kc3 Rb1 62.Rc4 Rb6 63.Kc2 Rb5 64.Kc1 Rb3 65.Kd2 Rb2+
66.Kd3 Rb3+ 67.Rc3 Rb2 68.Rc1 Rb3+ 69.Kd2 Rb2+ 70.Rc2 Rb3 71.Rc3 Rb2+  1/2-1/2

[Event "Augsburg"]
[Site "Augsburg"]
[Date "1986.??.??"]
[Round "?"]
[White "Pichler, Juergen"]
[Black "Gobet, Fernand"]
[Result "0-1"]
[WhiteElo "2325"]
[BlackElo "2355"]

1.e4 c5 2.Nf3 Nc6 3.Nc3 e6 4.d4 cxd4 5.Nxd4 Qc7 6.g3 a6 7.Bg2 d6 8.O-O Be7
9.Nb3 Nf6 10.a4 b6 11.Qe2 Bb7 12.Be3 O-O 13.f4 Nb4 14.Qf2 Ng4 15.Bxb6 Qb8
16.Qe2 Bxe4 17.Bxe4 Qxb6+ 18.Kh1 d5 19.a5 Qa7 20.Qxg4 dxe4 21.Qe2 f5 22.Na4 Rac8
23.c3 Nd3 24.Nd4 Bf6 25.Nxe6 Rfe8 26.Nb6 Qb7 27.Nxc8 Qxc8 28.Nd4 Bxd4 29.cxd4 Qc4
30.Qe3 Rb8 31.Rac1 Nxc1 32.Rxc1 Qb5 33.g4 fxg4 34.Qxe4 Re8 35.Qc6 Re1+ 36.Kg2 Qf1+
37.Kg3 Qh3+ 38.Kf2 Qe3+ 39.Kg2 Qf3+  0-1

[Event "Augsburg"]
[Site "Augsburg"]
[Date "1986.??.??"]
[Round "?"]
[White "Klundt, Klaus"]
[Black "Gobet, Fernand"]
[Result "1-0"]
[WhiteElo "2375"]
[BlackElo "2355"]

1.e4 c5 2.Nf3 e6 3.d4 cxd4 4.Nxd4 Nc6 5.Nc3 Qc7 6.g3 a6 7.Bg2 d6 8.O-O Be7
9.Re1 Bd7 10.Nxc6 Bxc6 11.Qg4 h5 12.Qe2 Nf6 13.a4 O-O 14.Bg5 Rfe8 15.Qd2 Ng4
16.Bxe7 Rxe7 17.Rad1 Rd7 18.b3 b5 19.axb5 axb5 20.h3 Nf6 21.Qd4 Qa5 22.b4 Qa3
23.Nxb5 Qa4 24.Nxd6 Ne8 25.e5 Bxg2 26.Kxg2 Rad8 27.Qe4 Nxd6 28.exd6 Rxd6
29.Rxd6 Rxd6 30.c3 Rd2 31.Re2 Rd1 32.Re1 Rd2 33.h4 Qa2 34.Qf3 Qb2 35.Re3 Rd5
36.Rd3 Rf5 37.Qa8+ Kh7 38.Rf3 Qb3 39.Rxf5 exf5 40.Qc6 f6 41.b5 g5 42.hxg5 fxg5
43.Qd7+ Kg6 44.Qc6+ Kh7 45.b6 h4 46.b7 h3+ 47.Kxh3 Qb1 48.Kg2 f4 49.Qd7+ Kg6
50.Qe8+ Kf6 51.b8=Q f3+ 52.Kh2 Qh7+ 53.Kg1  1-0

[Event "Bayern-ch"]
[Site "Bayern"]
[Date "1986.??.??"]
[Round "?"]
[White "Seyb, Dieter"]
[Black "Schmidt, Gerhardt"]
[Result "1/2-1/2"]
[WhiteElo "2300"]
[BlackElo "2235"]

1.Nc3 c5 2.Nf3 e6 3.e4 Nc6 4.d4 cxd4 5.Nxd4 Nf6 6.g3 Bb4 7.Bg2 d5 8.exd5 Nxd5
9.O-O O-O 10.Nxd5 exd5 11.c3 Ba5 12.Be3 Bb6 13.Qb3 Be6 14.Nxe6 fxe6 15.Rae1 Re8
16.Bxb6 Qxb6 17.Re2 Rad8 18.Qxb6 axb6 19.f4 b5 20.a3 Kf7 21.Rfe1 Kf6 22.Rd2 Re7
23.Bf1 Na7 24.h4 h6 25.h5 Rd6 26.Kf2 Rb6 27.g4 Nc8 28.Rd4 Nd6 29.Rb4 Ne4+
30.Ke3 e5 31.fxe5+ Kxe5 32.Rxb5 Rxb5 33.Bxb5 Kf6 34.Kd4 Kg5 35.Re2 Rf7 36.Kxd5 Ng3
37.Rg2 Kxg4 38.c4 Kf3 39.Rh2 Rf6 40.c5 Nf5 41.b4 Kg3 42.Re2 Kg4 43.Be8 Rf8
44.Bg6 Rd8+ 45.Kc4 Kf3 46.Re1 Ne3+ 47.Kb5 Rd7 48.a4 Rd4 49.Ka5 Nc4+ 50.Kb5 Na3+
51.Kb6 Rxb4+ 52.Kc7 Rxa4 53.Kxb7 Rb4+ 54.Kc6 Nb5 55.Re7 Rb2 56.Rxg7 Kf4 57.Bd3 Nd4+
58.Kd5 Nf3 59.Kc4 Ne5+ 60.Kc3 Rh2 61.Bg6 Ra2 62.Be8 Ra1 63.Kb2 Ra5 64.c6 Nxc6
65.Bxc6 Rxh5 66.Rf7+ Ke3 67.Be8 Re5 68.Bd7 Rc5 69.Bh3 h5 70.Bg2 Rg5  1/2-1/2

[Event "Biel-JMT"]
[Site "Biel"]
[Date "1986.??.??"]
[Round "?"]
[White "Kindermann, Stefan"]
[Black "Franzoni, Giancarlo"]
[Result "1/2-1/2"]
[WhiteElo "2485"]
[BlackElo "2375"]

1.e4 c5 2.Nf3 e6 3.d4 cxd4 4.Nxd4 Nc6 5.Nc3 Qc7 6.g3 a6 7.Bg2 Nf6 8.O-O h6
9.Nb3 Be7 10.Qe2 O-O 11.a4 d6 12.a5 Bd7 13.f4 Nb4 14.Be3 Rac8 15.Rfd1 e5
16.Qd2 Bg4 17.Rf1 Be6 18.Ra4 d5 19.exd5 Bd7 20.Raa1 e4 21.Rad1 Bd6 22.Bd4 Bg4
23.Rde1 Nfxd5 24.Nxd5 Nxd5 25.Bxe4 Nb4 26.c3 Nc6 27.Bb6 Qb8 28.Qg2 Be6 29.Nd2 Bc7
30.f5 Bd7 31.Nc4 Nd8 32.Bxc7 Rxc7 33.Nb6 Bb5 34.Rf2 Re8 35.f6 g6 36.Nd5 Rd7
37.Ne7+ Kh7 38.Qh3 Qd6 39.Bg2 Nc6 40.Bxc6 Bxc6 41.Qf1 Qc5 42.Nxc6 Rxe1 43.Qxe1 Qxc6
44.Rd2 Rxd2 45.Qxd2 Qxf6  1/2-1/2

[Event "Biel-JMT"]
[Site "Biel"]
[Date "1986.??.??"]
[Round "?"]
[White "Kindermann, Stefan"]
[Black "Cramling, Dan"]
[Result "1-0"]
[WhiteElo "2485"]
[BlackElo "2415"]

1.e4 c5 2.Nf3 e6 3.d4 cxd4 4.Nxd4 Nc6 5.Nc3 d6 6.g3 Nf6 7.Bg2 Bd7 8.O-O Be7
9.Nb3 O-O 10.g4 Rc8 11.g5 Ne8 12.f4 b5 13.a3 Na5 14.Nxa5 Qxa5 15.Be3 Bd8
16.Kh1 Bb6 17.Bd2 Qa6 18.f5 Bd4 19.Qg4 Rc4 20.Qh3 Qc8 21.Rf4 exf5 22.Nd5 Qd8
23.exf5 Bxb2 24.Rxc4 bxc4 25.Rb1 Be5 26.Qf3 Bc6 27.Qg4 Bxd5 28.Bxd5 c3 29.Be3 Qa5
30.Qc4 Qxa3 31.Bxf7+ Kh8 32.Be6 Qa5 33.Qh4 Qd8 34.Rb4 g6 35.f6 Nxf6 36.gxf6 Rxf6  1-0

[Event "Biel-JMT"]
[Site "Biel"]
[Date "1986.??.??"]
[Round "?"]
[White "Gruenfeld, Yehuda"]
[Black "Franzoni, Giancarlo"]
[Result "1/2-1/2"]
[WhiteElo "2550"]
[BlackElo "2375"]

1.e4 c5 2.Nf3 e6 3.d4 cxd4 4.Nxd4 Nc6 5.Nc3 Qc7 6.g3 a6 7.Bg2 Nf6 8.O-O d6
9.Re1 Bd7 10.Nxc6 bxc6 11.Na4 Rd8 12.c4 c5 13.Nc3 Be7 14.Bf4 Bc6 15.Qe2 O-O
16.Rad1 Nd7 17.g4 Ne5 18.Bc1 Ba8 19.g5 Rfe8 20.f4 Nc6 21.Qf2 Nd4 22.f5 d5
23.cxd5 Bd6 24.Bh1 exf5 25.exf5 Qd7 26.Be4 g6 27.Rf1 Re7 28.fxg6 fxg6 29.Qg2 Rde8
30.Bf4 Kg7 31.Rde1 Nb5 32.Bxd6 Nxd6 33.Rf4 Re5 34.h4 Nxe4 35.Rexe4 Bxd5 36.Nxd5 Qxd5
37.Rxe5 Qxe5 38.Qf2 Qe1+ 39.Qxe1 Rxe1+ 40.Kg2 Re2+ 41.Rf2 Rxf2+ 42.Kxf2 h6
43.Ke3 hxg5 44.hxg5 Kf7 45.Kd3 Ke6 46.Kc4 Kd6 47.b4 cxb4 48.Kxb4 Ke5  1/2-1/2

[Event "Bor"]
[Site "Bor"]
[Date "1986.??.??"]
[Round "10"]
[White "Abramovic, Bosko"]
[Black "Barlov, Dragan"]
[Result "1/2-1/2"]
[WhiteElo "2445"]
[BlackElo "2450"]

1.e4 c5 2.Nf3 e6 3.d4 cxd4 4.Nxd4 Nc6 5.Nc3 Qc7 6.Be2 a6 7.O-O Nf6 8.Kh1 Be7
9.f4 d6 10.Be3 O-O 11.Qe1 Bd7 12.Qg3 Kh8 13.Rad1  1/2-1/2

[Event "OHRA-B"]
[Site "Brussels"]
[Date "1986.??.??"]
[Round "?"]
[White "Watson, William N"]
[Black "Winants, Luc"]
[Result "1/2-1/2"]
[WhiteElo "2495"]
[BlackElo "2350"]

1.e4 c5 2.Nc3 Nc6 3.Nf3 e6 4.d4 cxd4 5.Nxd4 Nf6 6.Nxc6 bxc6 7.e5 Nd5 8.Ne4 Qc7
9.f4 Qb6 10.c4 Ne3 11.Qd3 Bb4+ 12.Bd2 O-O 13.b3 a5 14.Bxb4 Qxb4+ 15.Kf2 Ng4+
16.Kf3 f5 17.Nd6 a4 18.Rc1 axb3 19.axb3 Ra2 20.Rc2 Rxc2 21.Qxc2 Qe1 22.Qe2 Qc3+
23.Qd3 Qe1 24.Qe2 Qc3+ 25.Qd3 Qe1  1/2-1/2

[Event "JUG-ch"]
[Site "Budva"]
[Date "1986.??.??"]
[Round "?"]
[White "Ivanovic, Bozidar"]
[Black "Barlov, Dragan"]
[Result "1-0"]
[WhiteElo "2485"]
[BlackElo "2550"]

1.e4 c5 2.Nf3 e6 3.d4 cxd4 4.Nxd4 Nc6 5.Nc3 Qc7 6.Be2 a6 7.O-O Nf6 8.Kh1 Be7
9.f4 d6 10.Be3 O-O 11.a4 Bd7 12.Nb3 b6 13.Bf3 Rac8 14.Qe2 Nb4 15.Qf2 Rb8
16.Rfd1 e5 17.h3 Bc6 18.Rd2 Rfc8 19.a5 bxa5 20.Nxa5 exf4 21.Bxf4 Bd7 22.Qg3 Qa7
23.e5 dxe5 24.Bxe5 Rb6 25.Rad1 Bf5 26.Qf2 Bxc2 27.Bd4 Nd7 28.Nd5 Nxd5 29.Bxd5 Bf6
30.Bxb6 Qxb6 31.Rxc2 Rxc2 32.Qxc2  1-0

[Event "JUG-ch"]
[Site "Budva"]
[Date "1986.??.??"]
[Round "?"]
[White "Ivanovic, Bozidar"]
[Black "Cebalo, Miso"]
[Result "0-1"]
[WhiteElo "2485"]
[BlackElo "2515"]

1.e4 c5 2.Nf3 e6 3.d4 cxd4 4.Nxd4 Nc6 5.Nc3 d6 6.Bc4 Nf6 7.Be3 Be7 8.Bb3 O-O
9.Qe2 a6 10.O-O-O Qc7 11.g4 Nxd4 12.Rxd4 b5 13.Rg1 Nd7 14.g5 Nc5 15.Rg3 f5
16.Rh3 g6 17.exf5 Rxf5 18.Rdh4 Rf7 19.Kb1 Nxb3 20.Qd3 Nc5 21.Qxg6+ Rg7 22.Qxg7+ Kxg7
23.Rxh7+ Kg8 24.Rh8+ Kf7 25.R3h7+ Kg6 26.Rh6+ Kf5 27.R8h7 Bd8 28.Rxc7 Bxc7
29.Rf6+ Kg4 30.g6 Bb7 31.Rf7 Bb6 32.b4 Na4 33.Nxa4 Bxe3 34.fxe3  0-1

[Event "JUG-ch"]
[Site "Budva"]
[Date "1986.??.??"]
[Round "?"]
[White "Ivanovic, Zeljko"]
[Black "Matulovic, Milan"]
[Result "1-0"]
[WhiteElo "2300"]
[BlackElo "2485"]

1.e4 c5 2.Nf3 Nc6 3.d4 cxd4 4.Nxd4 e6 5.Nc3 Qc7 6.Be2 a6 7.O-O Nf6 8.Kh1 Bb4
9.Qd3 b5 10.Nxc6 Qxc6 11.a4 Bb7 12.axb5 axb5 13.Rxa8+ Bxa8 14.f3 Bxc3 15.bxc3 O-O
16.Ba3 Rc8 17.Bb4 e5 18.Qd6 Qxd6 19.Bxd6 Rxc3 20.Bd3 Rc8 21.Rb1 Bc6 22.Bxe5 d5
23.exd5 Nxd5 24.Bxb5 Bxb5 25.Rxb5 Ne3 26.c3 f6 27.Bd4 Nc2 28.Bc5 Rd8 29.Kg1 Rd3
30.Rb3 Rd5 31.Rb2 Rxc5 32.Rxc2 Kf7 33.Kf2 Ke6 34.c4 Rh5 35.h3 Kd6 36.Ra2 Rc5
37.Ra4 Rc7 38.Ke3 Kc5 39.Kd3 Rd7+ 40.Kc3 Re7 41.Ra5+ Kc6 42.Kd4 Re2 43.g4 Rd2+
44.Ke3 Rd7 45.h4 Rb7 46.h5 Kd6 47.Ke4 Rb4 48.Ra6+ Kc5 49.Ra7 Rxc4+ 50.Kf5 g6+
51.Kxf6 Rf4+ 52.Kg5 Rxf3 53.h6 Kd6 54.Rxh7 Rg3 55.Rh8 Ke7 56.h7 Rh3 57.Ra8 Rxh7
58.Ra7+  1-0

[Event "JUG-ch"]
[Site "Budva"]
[Date "1986.??.??"]
[Round "?"]
[White "Ilincic, Zlatko"]
[Black "Matulovic, Milan"]
[Result "0-1"]
[WhiteElo "2490"]
[BlackElo "2485"]

1.e4 c5 2.Nf3 Nc6 3.d4 cxd4 4.Nxd4 e6 5.Nc3 Qc7 6.Be2 a6 7.O-O Nf6 8.Kh1 Bb4
9.f4 Bxc3 10.bxc3 Nxe4 11.Bd3 d5 12.Bxe4 dxe4 13.Nxc6 Qxc6 14.Ba3 b5 15.Qd4 f6
16.Rfd1 Kf7 17.Qe3 Re8 18.Rd6 Qc7 19.Qxe4 Bb7 20.Qxh7 Rh8 21.Qd3 Rad8 22.Rd1 Bd5
23.Rxd8 Rxd8 24.Kg1 Qxf4 25.Bb4 Qg5 26.Qg3 Qxg3 27.hxg3 Ra8 28.a3 a5 29.Bd6 Rc8
30.Rb1 Rc6 31.Bb8 Rxc3 32.Rxb5 Rxa3 33.Bd6 Ra2 34.Rc5 g5 35.g4 Kg6 36.g3 Bf3
37.Rc4 a4 38.Kf1 Bd1 39.Bf8 Rxc2 40.Rxa4 Rc8 41.Rd4 Bxg4 42.Bb4 Kf5 43.Rd2 e5
44.Kf2 Rb8 45.Rb2 Ke4 46.Ba3 Rh8 47.Rb4+ Kf5 48.Rb6 Rh2+ 49.Kg1 Rh7 50.Kf2 Ra7
51.Bc5 Rc7 52.Bf8 Bh5 53.Ba3 Ra7 54.Bc5 Rc7 55.Ba3 Rd7 56.Ke3 Rf7 57.Kf2 Bd1
58.Bb4 Kg4 59.Rd6 Bc2 60.Rc6 Bd3 61.Bc3 Bb5 62.Rd6 Rc7 63.Ba5 Rc2+ 64.Rd2 Rc1
65.Bd8 Rf1+ 66.Kg2 Rf3 67.Kh2 f5 68.Rd5 Bc6 69.Rd6 Rf2+ 70.Kg1 Rg2+ 71.Kf1 Rc2
72.Ke1 Kxg3 73.Bxg5 f4  0-1

[Event "Calcutta"]
[Site "Calcutta"]
[Date "1986.??.??"]
[Round "?"]
[White "Meetei, AB."]
[Black "Murshed, Niaz"]
[Result "0-1"]
[WhiteElo "2320"]
[BlackElo "2415"]

1.e4 c5 2.Nf3 Nc6 3.d4 cxd4 4.Nxd4 e6 5.Nc3 d6 6.Be2 Nf6 7.Be3 Be7 8.g4 d5
9.Bb5 Bd7 10.exd5 Nxd5 11.Nxd5 exd5 12.Qf3 O-O 13.Bxc6 bxc6 14.Nb3 Qc8 15.Rg1 Qa6
16.a3 Rab8 17.Qe2 Qb7 18.Qd2 Rfe8 19.O-O-O Be6 20.Qc3 c5 21.Nxc5 Qc6 22.Bd4 Rec8
23.Nxe6 Qxe6 24.Qe3 Qc6 25.Rd2 Rb7 26.Re1 h6 27.f4 Bd6 28.Qf2 Qa4 29.Qf3 Rcb8
30.g5 Bxa3 31.Rde2 Bb4 32.c3 Bf8 33.Qxd5 Rxb2 34.Rxb2 Qa1+ 35.Kc2 Rxb2+ 36.Kd3 Qxe1  0-1

[Event "Calcutta"]
[Site "Calcutta"]
[Date "1986.??.??"]
[Round "?"]
[White "Jansa, Vlastimil"]
[Black "Murshed, Niaz"]
[Result "1/2-1/2"]
[WhiteElo "2485"]
[BlackElo "2415"]

1.e4 c5 2.Nf3 Nc6 3.d4 cxd4 4.Nxd4 e6 5.Nc3 d6 6.g3 Nf6 7.Bg2 Bd7 8.O-O Be7
9.Nb3 O-O 10.g4 d5 11.exd5 Nxd5 12.Nxd5 exd5 13.h3 Be6 14.c3 Bd6 15.Be3 Kh8
16.f4 Re8 17.Qd2 f6 18.Rae1 Qc7 19.Nd4 Nxd4 20.Bxd4 Bf7 21.g5 Rxe1 22.Qxe1 f5
23.Qf2 Kg8 24.Qc2 g6 25.Qf2 b6 26.Kh2 Re8 27.Kg3 h5  1/2-1/2

[Event "Calcutta"]
[Site "Calcutta"]
[Date "1986.??.??"]
[Round "?"]
[White "Tseshkovsky, Vitaly"]
[Black "Murshed, Niaz"]
[Result "1/2-1/2"]
[WhiteElo "2455"]
[BlackElo "2415"]

1.e4 c5 2.Nf3 Nc6 3.d4 cxd4 4.Nxd4 e6 5.Nc3 d6 6.Be3 Nf6 7.Be2 Be7 8.O-O O-O
9.f4 Bd7 10.Kh1 Nxd4 11.Bxd4 Bc6 12.Bd3 Nd7 13.Qf3 e5 14.Be3 Kh8 15.Rad1 exf4
16.Bxf4 Ne5 17.Bxe5 dxe5 18.Bb5 Qc7 19.Bxc6 bxc6 20.Qf5 Rad8 21.Rxd8 Bxd8
22.Rd1 g6 23.Qf1 Be7 24.Qc4 Qb7 25.b3 Kg7 26.Ne2 Rd8 27.Rxd8 Bxd8 28.Qd3 Qc7
29.Ng1 Qb6  1/2-1/2

[Event "Calcutta"]
[Site "Calcutta"]
[Date "1986.??.??"]
[Round "?"]
[White "Tseshkovsky, Vitaly"]
[Black "Jansa, Vlastimil"]
[Result "1/2-1/2"]
[WhiteElo "2455"]
[BlackElo "2485"]

1.e4 c5 2.Nf3 e6 3.d4 cxd4 4.Nxd4 Nc6 5.Nc3 a6 6.Be2 d6 7.O-O Nf6 8.Be3 Be7
9.f4 O-O 10.Kh1 Qc7 11.a4 Re8 12.Bf3 Rb8 13.Qd2 Bd7 14.Nb3 b6 15.g4 Bc8 16.g5 Nd7
17.Bg2 Bf8 18.Qf2 g6 19.Rad1 b5 20.axb5 axb5 21.e5 dxe5 22.Ne4 Bg7 23.Nbc5 Nd4
24.fxe5 Nf5 25.Nd6 Rd8 26.Nxd7 Bxd7 27.Ba7 Bxe5 28.Bxb8 Rxb8 29.Nxf5 gxf5
30.c3 Bc6 31.Bxc6 Qxc6+ 32.Qg2 Qxg2+ 33.Kxg2  1/2-1/2

[Event "Calcutta"]
[Site "Calcutta"]
[Date "1986.??.??"]
[Round "?"]
[White "Anand, Viswanathan"]
[Black "Murshed, Niaz"]
[Result "1-0"]
[WhiteElo "2405"]
[BlackElo "2415"]

1.e4 c5 2.Nf3 Nc6 3.d4 cxd4 4.Nxd4 e6 5.Nc3 a6 6.Be2 Qc7 7.O-O Nf6 8.Be3 Bb4
9.Na4 Be7 10.Nxc6 bxc6 11.Nb6 Rb8 12.Nxc8 Qxc8 13.e5 Nd5 14.Bc1 Bc5 15.c4 Ne7
16.Qd3 Qc7 17.Rd1 Ng6 18.Rb1 Qa7 19.Qg3 Bd4 20.b3 Bxe5 21.Qd3 c5 22.Be3 Qc7
23.g3 a5 24.f4 Bf6 25.Qd6 Rc8 26.Qxc7 Rxc7 27.Rd6 O-O 28.Rbd1 Rd8 29.Ra6 Ne7
30.Rxa5 Rdc8 31.g4 d5 32.Kg2 h6 33.Rc1 d4 34.Bd2 g5 35.Bd3 Kg7 36.f5 exf5
37.gxf5 Rb8 38.Re1 Rbc8 39.a4 Rb8 40.Rb5 Rbc8 41.Ba5 Rc6 42.Bb6 Rxb6 43.Rxb6 Nc6
44.Be4 Nb4 45.a5 Bd8 46.Rb5 Rc7 47.Bb7 Nc2 48.Re2 Ne3+ 49.Kg1 Rxb7 50.Rxb7 Bxa5
51.Ra2 Bc3 52.Raa7 Nxf5 53.Rxf7+ Kg6 54.Rfd7 Ne3 55.Ra6+ Kh5 56.Kf2 Ng4+
57.Kg2 Ne3+ 58.Kf3 Nf1 59.h3 Nd2+ 60.Kg2 Ne4  1-0

[Event "Cannes"]
[Site "Cannes"]
[Date "1986.??.??"]
[Round "3"]
[White "Popovic, Petar"]
[Black "Kouatly, Bachar"]
[Result "1/2-1/2"]
[WhiteElo "2545"]
[BlackElo "2445"]

1.e4 c5 2.Nf3 e6 3.Nc3 Nc6 4.d4 cxd4 5.Nxd4 Nf6 6.Ndb5 d6 7.Bf4 e5 8.Bg5 a6
9.Na3 b5 10.Nd5 Be7 11.Bxf6 Bxf6 12.c3 Ne7 13.Nxf6+ gxf6 14.Qf3 f5 15.exf5 Bxf5
16.Bd3 Be6 17.O-O O-O 18.Bc2 f5 19.Bb3 Qd7 20.Nc2 Kh8 21.Rfd1 f4 22.Rd2 d5
23.Re1 Rf5 24.Qd3 a5 25.Na3 b4 26.cxb4 axb4 27.Nc2 Qd6 28.Nd4 Rg5  1/2-1/2

[Event "Cannes"]
[Site "Cannes"]
[Date "1986.??.??"]
[Round "4"]
[White "Popovic, Petar"]
[Black "Santo Roman, Marc"]
[Result "1-0"]
[WhiteElo "2545"]
[BlackElo "2360"]

1.e4 c5 2.Nf3 e6 3.Nc3 Nc6 4.d4 cxd4 5.Nxd4 Nf6 6.Ndb5 d6 7.Bf4 e5 8.Bg5 a6
9.Na3 b5 10.Nd5 Be7 11.Bxf6 Bxf6 12.c3 O-O 13.Nc2 Rb8 14.Be2 Bg5 15.O-O a5
16.Qd3 Ne7 17.Nce3 Be6 18.Rad1 b4 19.c4 Nxd5 20.Nxd5 Qc8 21.Qg3 Bd8 22.Kh1 Qc5
23.Rd2 Rb7 24.Rfd1 Rd7 25.b3 Kh8 26.Bg4 f5 27.exf5 Bxf5 28.Bxf5 Rxf5 29.Ne3 Rf4
30.Qh3 Rdf7 31.Rxd6 Be7 32.R6d5 Qb6 33.Rxe5 Bf8 34.f3 Rd4 35.Re1 Rd2 36.Qc8  1-0